| 000 | 00361 a2200157 4500 | ||
|---|---|---|---|
| 001 | 192931 | ||
| 020 | _a978-85-16-10250-0 | ||
| 040 | _cMagnum | ||
| 100 | _aTufano, Douglas | ||
| 240 | 1 | 0 |
_aEça de Queirós na sala de aula _lpor |
| 245 | 1 | 0 | _aEça de Queirós na sala de aula |
| 300 | _a159 | ||
| 362 | 0 | _a2016 | |
| 697 | _aLITERATURA GERAL | ||
| 942 | _cBK | ||
| 999 |
_c192931 _d192931 |
||